[Event "OBEM 2016"]
[Site "Germany , Bremen"]
[Date "2016.03.22"]
[Round "5.17"]
[White "Niefuend, Michael"]
[Black "Jung, Gerald"]
[Result "1/2-1/2"]
[WhiteElo "1795"]
[BlackElo "1929"]
[PlyCount "128"]

1. d4 Nf6 2. Nf3 g6 3. Bf4 d6 4. e3 Bg7 5. Be2 Nbd7 6. h3 c6 7. O-O O-O 8. c4
Qe8 9. Nc3 a5 10. Qc2 e5 11. dxe5 dxe5 12. Bh2 h6 13. Rfd1 Nh7 14. Ne4 f5 15.
Nd6 Qe7 16. c5 Ng5 17. Bc4+ Kh7 18. Nxg5+ hxg5 19. Bd3 e4 20. Be2 Ne5 21. Nxc8
Rfxc8 22. Rd2 Rd8 23. Rad1 Rxd2 24. Rxd2 Rd8 25. Rxd8 Qxd8 26. Bxe5 Bxe5 27. a3
Qf6 28. b4 Bc7 29. Qb3 Kh6 30. bxa5 Qe5 31. g3 f4 32. exf4 gxf4 33. gxf4 Qxf4
34. Bg4 Qc1+ 35. Kg2 Qxc5 36. Qxb7 Bxa5 37. Qb8 Bb6 38. Qf4+ Kg7 39. Be6 Qf8
40. Qe5+ Qf6 41. Qxf6+ Kxf6 42. Bd7 c5 43. f4 Bc7 44. Kf2 Bxf4 45. Ke2 g5 46.
a4 Ke5 47. a5 Kd4 48. a6 Bb8 49. Bb5 Ba7 50. Kd2 c4 51. Bc6 e3+ 52. Kc2 Ke5 53.
Kd1 Kf4 54. Ke2 Kg3 55. Bd7 c3 56. Bf5 c2 57. Bxc2 Kxh3 58. Bd1 g4 59. Kf1 Kg3
60. Be2 Kh3 61. Kg1 g3 62. Bf1+ g2 63. Bxg2+ Kg3 64. Kf1 e2+ 1/2-1/2

[Event "OBEM 2016"]
[Site "Germany , Bremen"]
[Date "2016.03.22"]
[Round "5.18"]
[White "Bruening, Martin"]
[Black "Heldt, Nils-Lennart"]
[Result "0-1"]
[WhiteElo "1777"]
[BlackElo "1928"]
[PlyCount "72"]

1. d4 d5 2. c4 c6 3. cxd5 cxd5 4. Nc3 Nc6 5. Nf3 Nf6 6. Bf4 Bf5 7. e3 e6 8. Bd3
Bxd3 9. Qxd3 Be7 10. O-O O-O 11. a3 a6 12. b4 b5 13. h3 Rc8 14. Nd2 Qb6 15. Nb3
Nb8 16. Nc5 Nfd7 17. a4 bxa4 18. Rxa4 Qc6 19. Rfa1 Bd6 20. Bxd6 Qxd6 21. Ne2
Nb6 22. R4a2 Nc4 23. Qb3 Rc6 24. Ra4 Rb6 25. Qc3 h6 26. Nc1 f6 27. N1d3 Kh8 28.
Nb2 Nxb2 29. Qxb2 e5 30. Qa3 exd4 31. exd4 Re8 32. Nxa6 Nxa6 33. Rxa6 Rxa6 34.
Qxa6 Re1+ 35. Rxe1 Qxa6 36. Rb1 Qd3 0-1

[Event "OBEM 2016"]
[Site "Germany , Bremen"]
[Date "2016.03.22"]
[Round "5.19"]
[White "Goes, Carsten"]
[Black "Rieping, Heiner"]
[Result "1/2-1/2"]
[WhiteElo "1770"]
[BlackElo "1922"]
[PlyCount "76"]

1. d4 d5 2. c4 e6 3. Nf3 f5 4. g3 Nf6 5. Bg2 Be7 6. O-O O-O 7. Qc2 c6 8. Nbd2
Ne4 9. Ne5 Nd7 10. Ndf3 Bf6 11. Bf4 g5 12. Nxd7 Qxd7 13. Be5 g4 14. Ne1 Nd6 15.
Bxf6 Rxf6 16. c5 Nf7 17. Nd3 Qc7 18. Qc3 Bd7 19. b4 Re8 20. f4 Ra8 {(=)} 21. a4
Nh6 22. Rfb1 Rff8 23. Ne5 Nf7 24. Nd3 Rfb8 25. Ne5 Nxe5 26. fxe5 Qd8 27. Qe3
Kg7 28. Qf4 Kg6 29. e3 h5 30. Bf1 h4 31. Bd3 Qg5 32. Kg2 Rh8 33. Qxg5+ Kxg5 34.
b5 Rh7 35. bxc6 Bxc6 36. Bb5 hxg3 37. hxg3 Rah8 38. Rh1 Rxh1 1/2-1/2

[Event "OBEM 2016"]
[Site "Germany , Bremen"]
[Date "2016.03.22"]
[Round "5.20"]
[White "Wundahl, Juergen"]
[Black "Hochhuth, Arnd"]
[Result "1/2-1/2"]
[WhiteElo "1726"]
[BlackElo "1882"]
[PlyCount "69"]

1. c4 c5 2. Nc3 Nc6 3. g3 g6 4. Bg2 Bg7 5. e3 e5 6. Nge2 Nge7 7. O-O O-O 8. Nd5
Nxd5 9. Bxd5 d6 10. Bg2 Be6 11. d3 d5 12. b3 e4 13. Rb1 exd3 14. Nf4 dxc4 15.
Nxe6 fxe6 16. Bxc6 bxc6 17. bxc4 Qd6 18. e4 Qd4 19. Be3 Qxc4 20. Rc1 Qxe4 21.
Rxc5 Rf5 22. Rxf5 gxf5 23. Qb3 Qd5 24. Rd1 Rd8 25. Bxa7 Qxb3 26. axb3 e5 27. f3
e4 28. Kf2 Ra8 29. Be3 Ra2+ 30. Rd2 Ra3 31. g4 Bc3 32. Rd1 Ra2+ 33. Kg3 Re2 34.
Kf4 fxg4 35. fxg4 1/2-1/2

[Event "OBEM 2016"]
[Site "Germany , Bremen"]
[Date "2016.03.22"]
[Round "5.21"]
[White "Sausmikat, Armin"]
[Black "Weinitschke, Harald"]
[Result "1-0"]
[WhiteElo "1879"]
[BlackElo "1687"]
[PlyCount "67"]

1. e4 c5 2. Nf3 e6 3. d4 cxd4 4. Nxd4 Nc6 5. Nb5 d6 6. Bf4 e5 7. Be3 Nf6 8. Bg5
Be7 9. Bxf6 gxf6 10. N1c3 a6 11. Na3 Be6 12. Nc4 b5 13. Ne3 Nd4 14. Ncd5 f5 15.
c3 f4 16. cxd4 fxe3 17. fxe3 Bxd5 18. exd5 Qa5+ 19. Kf2 Bh4+ 20. g3 Bf6 21. Qf3
Ke7 22. Qe4 Rac8 23. Be2 Qd2 24. a4 Rc2 25. Rhe1 Rxb2 26. axb5 Rxb5 27. Rxa6
Qb2 28. Raa1 Rhb8 29. Reb1 Qd2 30. Rxb5 Rxb5 31. Ra7+ Kd8 32. Qf5 Qxe3+ 33.
Kxe3 exd4+ 34. Kf2 1-0

[Event "OBEM 2016"]
[Site "Germany , Bremen"]
[Date "2016.03.22"]
[Round "5.22"]
[White "Schwenke, Stefan"]
[Black "Bergmann, Reinhold"]
[Result "1-0"]
[WhiteElo "1714"]
[BlackElo "1860"]
[PlyCount "129"]

1. e4 c5 2. Nf3 Nc6 3. Nc3 d6 4. d4 cxd4 5. Nxd4 Nf6 6. Bb5 Bd7 7. h3 e6 8. Be3
Be7 9. Qe2 O-O 10. O-O a6 11. Nxc6 Bxc6 12. Bxc6 bxc6 13. Qc4 Qc8 14. Rad1 d5
15. exd5 exd5 16. Qh4 Re8 17. Qg3 Rb8 18. b3 Rb7 19. Bd4 Rd7 20. Rfe1 Qd8 21.
Qd3 Rd6 22. Rxe7 Rxe7 23. Bc5 Rde6 24. Bxe7 Qxe7 25. Qxa6 h6 26. Qd3 Re1+ 27.
Kh2 Qe5+ 28. Qg3 Qe8 29. Rxe1 Qxe1 30. Qe3 Qa1 31. a4 Qa3 32. Ne2 Ne4 33. f3
Qd6+ 34. Qf4 Qxf4+ 35. Nxf4 Nc3 36. Kg1 Kf8 37. Kf2 Ke7 38. Ke3 c5 39. Kd3 d4
40. Kc4 Kd6 41. Nd3 Nd5 42. Nxc5 Ne3+ 43. Kxd4 Nxc2+ 44. Kc4 Ne3+ 45. Kb5 Nxg2
46. a5 Nf4 47. Ne4+ Kc7 48. Nf2 Kb7 49. b4 Ne6 50. a6+ Ka7 51. Ka5 Nc7 52. b5
Nd5 53. Ne4 Nb6 54. Nd6 f6 55. Nf5 Nc4+ 56. Kb4 Nd2 57. Nxg7 Kb6 58. Nf5 Nxf3
59. Nd6 Ne5 60. Nc8+ Kc7 61. Ne7 Nd7 62. Nd5+ Kb8 63. b6 f5 64. Kb5 Ne5 65. Nc7
1-0

[Event "OBEM 2016"]
[Site "Germany , Bremen"]
[Date "2016.03.22"]
[Round "5.23"]
[White "Gebur, Thomas"]
[Black "Holtermann, Klaas"]
[Result "1-0"]
[WhiteElo "1859"]
[BlackElo "1714"]
[PlyCount "41"]

1. e4 e6 2. d4 d5 3. exd5 exd5 4. Bd3 Bd6 5. Nf3 Bg4 6. h3 Bh5 7. O-O Ne7 8.
Re1 O-O 9. Nbd2 c6 10. Nf1 Bg6 11. Ne5 Bxd3 12. Qxd3 Nd7 13. Bf4 f6 14. Nxc6
bxc6 15. Bxd6 Rf7 16. Re2 Nb6 17. Bg3 Qd7 18. Rae1 Nf5 19. b3 Rd8 20. Re6 Nc8
21. Qxf5 1-0

[Event "OBEM 2016"]
[Site "Germany , Bremen"]
[Date "2016.03.22"]
[Round "5.24"]
[White "Sinnhoefer, Jonas"]
[Black "Sommer, Andreas"]
[Result "1/2-1/2"]
[WhiteElo "1690"]
[BlackElo "1821"]
[PlyCount "75"]

1. e4 c5 2. c4 Nc6 3. Ne2 d6 4. d4 cxd4 5. Nxd4 g6 6. Nc3 Bg7 7. Be3 Nf6 8. Be2
O-O 9. O-O e5 10. Ndb5 Ne8 11. c5 a6 12. Nxd6 Nxd6 13. cxd6 Nd4 14. Bc4 Qxd6
15. Ne2 Be6 16. Bxe6 Nxe2+ 17. Qxe2 Qxe6 18. b3 Rac8 19. Rac1 Rfd8 20. Rxc8
Rxc8 21. Rc1 Rxc1+ 22. Bxc1 Qc6 23. Qc4 Qxc4 24. bxc4 Kf8 25. Kf1 Ke7 26. Ke2
Kd6 27. Kd3 b5 28. Kc3 Kc6 29. Ba3 f5 30. f3 Bh6 31. Be7 Be3 32. Kb4 Bf4 33. g3
Be3 34. cxb5+ axb5 35. a4 bxa4 36. Kxa4 Bc5 37. Bf6 Bd6 38. Kb3 1/2-1/2

[Event "OBEM 2016"]
[Site "Germany , Bremen"]
[Date "2016.03.22"]
[Round "5.25"]
[White "Kohlscheen, Jens"]
[Black "Nancheva, Doroteya"]
[Result "1/2-1/2"]
[WhiteElo "1620"]
[BlackElo "1796"]
[PlyCount "47"]

1. e4 e5 2. Nf3 Nc6 3. d4 exd4 4. Nxd4 Nf6 5. Nxc6 bxc6 6. e5 Qe7 7. Qe2 Nd5 8.
c4 Ba6 9. b3 O-O-O 10. Bb2 Re8 11. Qd2 Nb6 12. Be2 f6 13. O-O fxe5 14. Re1 e4
15. Bf3 d5 16. Qa5 Kb7 17. cxd5 cxd5 18. Qd2 Qf7 19. Be2 Bxe2 20. Rxe2 Bc5 21.
Nc3 Rhf8 22. Nb5 e3 23. fxe3 Re4 24. Nd4 1/2-1/2

[Event "OBEM 2016"]
[Site "Germany , Bremen"]
[Date "2016.03.22"]
[Round "5.26"]
[White "Zhong, Xianghui"]
[Black "Bensmann, Jannis"]
[Result "1-0"]
[WhiteElo "1765"]
[BlackElo "1566"]
[PlyCount "85"]

1. d4 f5 2. c4 e6 3. Nc3 Nf6 4. Nf3 Be7 5. Bf4 O-O 6. e3 d6 7. Bd3 Bd7 8. O-O
Be8 9. Qc2 Bh5 10. Ng5 Qd7 11. Bg3 Ng4 12. Nf3 Na6 13. a3 Rad8 14. Rad1 c6 15.
Be2 d5 16. h3 Nf6 17. Ne5 Qe8 18. Qb3 Bxe2 19. Nxe2 b6 20. Qa4 Nb8 21. Qxa7
Nbd7 22. Qa4 Nxe5 23. Bxe5 Ne4 24. f3 Nd6 25. cxd5 exd5 26. Qb3 Nc4 27. Rd3 Bg5
28. f4 Bh4 29. Qa2 Ra8 30. Ra1 Qh5 31. Nc3 g5 32. Qb1 g4 33. b3 Nxe5 34. dxe5
gxh3 35. gxh3 Kf7 36. Rd2 Rg8+ 37. Rg2 Qf3 38. Qxf5+ Ke7 39. Qxh7+ Ke6 40. Rxg8
Qf2+ 41. Kh1 Rxg8 42. Qxg8+ Kf5 43. Qf7+ 1-0

[Event "OBEM 2016"]
[Site "Germany , Bremen"]
[Date "2016.03.22"]
[Round "5.27"]
[White "Steingraeber, Hans-Joachim"]
[Black "Kuenitz, Bernhard"]
[Result "0-1"]
[WhiteElo "1561"]
[BlackElo "1877"]
[PlyCount "68"]

1. d4 d5 2. Nf3 Nf6 3. Bf4 Bf5 4. Nbd2 e6 5. e3 c5 6. Bb5+ Nbd7 7. c4 a6 8.
Bxd7+ Nxd7 9. cxd5 exd5 10. O-O c4 11. Ne5 Nxe5 12. Bxe5 f6 13. Bg3 Be7 14. f3
O-O 15. e4 {(=)} Be6 16. f4 dxe4 17. Nxe4 Bf5 18. Re1 Bb4 19. Nc3 Qa5 20. Qd2
Rad8 21. Bf2 Qc7 22. a3 Ba5 23. h3 {(=)} Qd7 24. Rad1 Bd3 25. b4 Bb6 26. d5 {
(=)} Bxf2+ 27. Qxf2 b5 28. Qd4 Rfe8 29. Kf2 Rxe1 30. Rxe1 h6 31. g4 Qd6 32. Kf3
g5 33. f5 Qh2 34. Ne2 Re8 0-1

[Event "OBEM 2016"]
[Site "Germany , Bremen"]
[Date "2016.03.22"]
[Round "5.28"]
[White "Peine, Olaf"]
[Black "Hentrop, Malte"]
[Result "1/2-1/2"]
[WhiteElo "1504"]
[BlackElo "1847"]
[PlyCount "107"]

1. c4 c6 2. g3 d5 3. cxd5 cxd5 4. d3 Nf6 5. Bg2 Nc6 6. e3 e5 7. Ne2 Bc5 8. Qc2
Bb6 9. Nbc3 O-O 10. a3 Be6 11. O-O Rc8 12. Qa4 Qd7 13. f4 Bh3 14. fxe5 Bxg2 15.
Kxg2 Nxe5 16. Qxd7 Nexd7 17. d4 Bc7 18. Bd2 Nb6 19. b3 Rfe8 20. Rf3 {(=)} Bd6
21. Nb5 Bb8 22. Nbc3 Ne4 23. Rd1 Nf6 24. Rdf1 Rc7 25. a4 Rce7 26. a5 Na8 27. h3
b6 28. axb6 Nxb6 29. Re1 Ne4 30. Nxe4 Rxe4 31. Nc1 {(=)} Bd6 32. Kf2 R4e7 33.
Nd3 Rc7 34. Rc1 Rec8 35. Ke2 Kf8 36. g4 Rxc1 37. Nxc1 Ke7 38. Nd3 Rb8 39. Nb4
Rc8 40. Rf1 Rc7 41. Kd3 Ke6 42. Na6 Rc8 43. Rc1 Rxc1 44. Bxc1 f5 45. Ke2 fxg4
46. hxg4 Nd7 47. b4 Nb6 48. Nc5+ Kf6 49. Kf3 Be7 50. e4 h6 51. e5+ Kg6 52. Nd3
Kf7 53. Bf4 Nd7 54. Nc5 1/2-1/2

[Event "OBEM 2016"]
[Site "Germany , Bremen"]
[Date "2016.03.22"]
[Round "5.29"]
[White "Borbely, Kurt"]
[Black "Ungar, Benedict"]
[Result "0-1"]
[WhiteElo "1054"]
[BlackElo "1678"]
[PlyCount "46"]

1. d4 Nc6 2. Nf3 d5 3. c3 Nf6 4. e3 a6 5. Bd3 Bg4 6. Nbd2 e5 7. dxe5 Nxe5 8.
Qc2 Nxf3+ 9. Nxf3 Bxf3 10. gxf3 c6 11. Bd2 g6 12. Qb3 Qd7 13. c4 dxc4 14. Qxc4
Rd8 15. Bc3 Bg7 16. O-O-O Qc7 17. Bxf6 Bxf6 18. Qe4+ Kf8 19. Kb1 Kg7 20. f4 Qb6
21. b3 Rhe8 22. Qf3 Qb4 23. Bc2 Qc3 0-1

[Event "OBEM 2016"]
[Site "Germany , Bremen"]
[Date "2016.03.22"]
[Round "5.30"]
[White "Rast, Matthias"]
[Black "Boehm, Karl"]
[Result "0-1"]
[WhiteElo "1213"]
[BlackElo "1852"]
[PlyCount "100"]

1. d4 d5 2. Nf3 Nf6 3. e3 e6 4. Bd3 a6 5. O-O Bd6 6. b3 c5 7. Bb2 Nbd7 8. Nbd2
b5 9. Ne5 c4 10. bxc4 bxc4 11. Be2 Qc7 12. Bc3 Nxe5 13. dxe5 Bxe5 14. Bxe5 Qxe5
15. h3 O-O 16. Re1 Bb7 17. Rb1 Bc6 18. Nf3 Qc7 19. Qd4 Bb5 20. c3 Qa5 21. Rb2
Ne4 22. Rc1 Qa3 23. Rbb1 Qxa2 24. Kf1 Qa5 25. Qe5 Qd8 26. Rb4 Qf6 27. Qd4 Qxd4
28. Nxd4 Rab8 29. Rc2 g6 30. Nf3 f6 31. g4 h6 32. Nd4 Rfe8 33. Kg2 e5 34. Nf3
Kg7 35. Rc1 g5 36. Kg1 Kf7 37. Kg2 Ke6 38. h4 Rg8 39. Rbb1 f5 40. gxf5+ Kxf5
41. hxg5 Nxg5 42. Kf1 Nxf3 43. Bxf3 e4 44. Be2 Rh8 45. f3 h5 46. Kg2 h4 47. Kh3
{(=)} Rbg8 48. Rg1 Rxg1 49. Rxg1 Kf6 50. Rg4 Bd7 0-1

[Event "OBEM 2016"]
[Site "Germany , Bremen"]
[Date "2016.03.22"]
[Round "5.31"]
[White "Dietrich, Igor"]
[Black "Bilau, Max"]
[Result "0-1"]
[WhiteElo "1865"]
[BlackElo "1511"]
[PlyCount "78"]

1. e4 e5 2. Nf3 d6 3. d4 exd4 4. Bc4 Bg4 5. c3 Qe7 6. O-O Nd7 7. cxd4 O-O-O 8.
Re1 Nb6 9. Bb3 f6 10. a4 a6 11. a5 Nd7 12. Nc3 Kb8 13. Be3 Qe8 14. h3 Bh5 15.
Qd3 Ne7 16. Bc4 c5 17. Bxa6 cxd4 18. Bb5 dxe3 19. a6 exf2+ 20. Kxf2 Nc6 21.
axb7 Nc5 22. Qe3 Kxb7 23. b4 Bxf3 24. gxf3 Ra8 25. bxc5 dxc5 26. Nd5 Qb8 27.
Rab1 Qh2+ 28. Kf1 Qxh3+ 29. Ke2 Nd4+ 30. Kd1 Nxb5 31. Rxb5+ Kc6 32. Rb6+ Kd7
33. Qc3 Bd6 34. Qb3 Ra1+ 35. Kd2 Qh6+ 36. Re3 Qh2+ 37. Kd3 c4+ 38. Kxc4 Rc8+
39. Kd4 Qd2+ 0-1

[Event "OBEM 2016"]
[Site "Germany , Bremen"]
[Date "2016.03.22"]
[Round "5.32"]
[White "Hoffer, Hayo"]
[Black "Rose, Helmut"]
[Result "1-0"]
[WhiteElo "1847"]
[BlackElo "1511"]
[PlyCount "51"]

1. d4 d5 2. Nf3 Bf5 3. c4 c6 4. Nc3 Nf6 5. Bg5 e6 6. e3 Be7 7. b3 O-O 8. Bd3
Bg6 9. Ne5 Bxd3 10. Qxd3 Nbd7 11. f4 Qc7 12. O-O Rfe8 13. c5 b6 14. b4 b5 15.
a4 a6 16. Ra3 bxa4 17. Rxa4 a5 18. Rfa1 Qb7 19. bxa5 Nxe5 20. fxe5 Nd7 21. Bxe7
Rxe7 22. a6 Qc7 23. Rb1 Nb8 24. Rab4 Nxa6 25. Qxa6 Rxa6 26. Rb8+ 1-0

[Event "OBEM 2016"]
[Site "Germany , Bremen"]
[Date "2016.03.22"]
[Round "5.33"]
[White "Ficken, Hartmut"]
[Black "Krueger, Gerhard"]
[Result "1/2-1/2"]
[WhiteElo "1714"]
[BlackElo "1367"]
[PlyCount "98"]

1. e4 c5 2. f4 d6 3. Bc4 Nc6 4. Nf3 e6 5. O-O Nf6 6. Nc3 Be7 7. a3 a6 8. d3 b5
9. Ba2 Qc7 10. Ne2 O-O 11. h3 Bd7 12. c3 a5 13. Bd2 a4 14. Ng3 b4 15. Rc1 b3
16. Bb1 e5 17. fxe5 dxe5 18. Qe1 h6 19. d4 c4 20. Be3 Bd6 21. Ne2 Ne7 22. dxe5
Bc5 23. Bxc5 Qxc5+ 24. Ned4 Nh7 25. Kh1 Ra6 26. Nh4 Qxe5 27. Nhf3 Qh5 28. e5
Ng5 29. Nxg5 Qxg5 30. Qe4 Ng6 31. Rfe1 Qe7 32. Re3 Qe8 33. Rce1 Be6 34. Nf5 Qd8
35. Nd6 Qc7 36. h4 Qc6 37. Qxc6 Rxc6 38. Bxg6 fxg6 39. Re4 Rf2 40. R1e2 Rxe2
41. Rxe2 Kf8 42. Kg1 Ke7 43. Kf2 Rc5 44. g3 Bf5 45. Kf3 Ke6 46. Kf4 Bd3 47. Re3
g5+ 48. hxg5 hxg5+ 49. Kxg5 Rxe5+ 1/2-1/2

[Event "OBEM 2016"]
[Site "Germany , Bremen"]
[Date "2016.03.22"]
[Round "5.34"]
[White "Frankenberg, Lea-Marie"]
[Black "Proske, Matthias"]
[Result "0-1"]
[WhiteElo "1000"]
[BlackElo "1666"]
[PlyCount "78"]

1. e4 c5 2. Nc3 Nc6 3. Bb5 Nd4 4. Bc4 a6 5. Bd3 b5 6. Nd5 e6 7. Ne3 d5 8. exd5
exd5 9. b3 Nf6 10. Bb2 Ne6 11. Qf3 Ng5 12. Qd1 d4 13. Nf5 g6 14. Qe2+ Ne6 15.
Ng3 Bg7 16. O-O-O O-O 17. Qf3 Rb8 18. N1e2 Bb7 19. Be4 Ng5 20. Qf4 Ngxe4 21.
Rde1 c4 22. b4 d3 23. Nd4 Nxg3 24. Qxg3 dxc2 25. Nxc2 a5 26. a3 Nh5 27. Qe3
Bxb2+ 28. Kxb2 Qd7 29. Nd4 Rfe8 30. Qc3 axb4 31. axb4 Nf4 32. Re3 Red8 33. Nc2
Nd5 34. Qe5 Nxe3 35. Nxe3 Ra8 36. f4 Ra4 37. f5 Rxb4+ 38. Ka3 Rb3+ 39. Ka2 Ra8#
0-1

[Event "OBEM 2016"]
[Site "Germany , Bremen"]
[Date "2016.03.22"]
[Round "5.37"]
[White "Zijlstra, Berend"]
[Black "Kueck, Alexander"]
[Result "1-0"]
[WhiteElo "1300"]
[BlackElo "1331"]
[PlyCount "67"]

1. c4 e5 2. Nc3 Bc5 3. Nf3 Nc6 4. g3 Nf6 5. Bg2 O-O 6. O-O d5 7. Na4 Qe7 8.
Nxc5 Qxc5 9. cxd5 Nxd5 10. e3 Be6 11. d4 Qd6 12. e4 Nde7 13. d5 Nxd5 14. exd5
Bxd5 15. Be3 f5 16. b3 Rad8 17. Rc1 b5 18. Bc5 Qf6 19. Bxf8 Kxf8 20. Qe2 e4 21.
Nd2 a6 22. Qe3 Re8 23. Rfe1 Qe7 24. Qc5 Rd8 25. Qxe7+ Kxe7 26. Nf1 Rd6 27. Ne3
Be6 28. f3 exf3 29. Nxf5+ Kd7 30. Nxd6 Kxd6 31. Red1+ Bd5 32. Bxf3 Ne7 33. Bxd5
Nxd5 34. Rxd5+ 1-0

[Event "OBEM 2016"]
[Site "Germany , Bremen"]
[Date "2016.03.22"]
[Round "5.38"]
[White "Schubert, Karl Heinz"]
[Black "Bilek, Thomas"]
[Result "1-0"]
[WhiteElo "1027"]
[BlackElo "1198"]
[PlyCount "77"]

1. e4 d5 2. exd5 Qxd5 3. Nc3 Qa5 4. d3 e6 5. Bd2 c6 6. Nf3 Bb4 7. a3 Bxc3 8.
Bxc3 Qh5 9. Bxg7 f6 10. Bxh8 Bd7 11. Qd2 Na6 12. O-O-O Qd5 13. d4 Qa2 14. Qc3
Qd5 15. Bxa6 bxa6 16. Qd3 f5 17. Ng5 Qxg2 18. f4 Qg4 19. Rhg1 Qxf4+ 20. Kb1
Qxh2 21. Rge1 Qh6 22. Nf3 Qg6 23. Ne5 Qg5 24. Nxd7 Kxd7 25. Qxa6 Rc8 26. Qb7+
Rc7 27. Qb3 Qe7 28. Rg1 Nh6 29. Rg7 Nf7 30. Rxh7 f4 31. Rf1 Kc8 32. Rxf4 Rb7
33. Qg3 Rd7 34. Bf6 Qd6 35. Qg8+ Kb7 36. Rxf7 Rxf7 37. Qxf7+ Ka6 38. Rf3 Qh2
39. Rb3 1-0

[Event "OBEM 2016"]
[Site "Germany , Bremen"]
[Date "2016.03.25"]
[Round "8.2"]
[White "Kardoeus, David"]
[Black "Boehning, Kilian"]
[Result "1/2-1/2"]
[WhiteElo "2110"]
[BlackElo "2141"]
[PlyCount "53"]

1. e4 e5 2. Nf3 Nc6 3. Bb5 Nge7 4. c3 g6 5. d4 exd4 6. cxd4 Bg7 7. d5 Ne5 8.
Nxe5 Bxe5 9. f4 Bg7 10. Nc3 a6 11. Ba4 O-O 12. O-O f5 13. e5 d6 14. Bb3 b5 15.
a4 Kh8 16. Be3 Bb7 17. Re1 dxe5 18. fxe5 f4 19. Bf2 Nf5 20. Ne4 Ne3 21. Bxe3
fxe3 22. Nc5 Bxe5 23. Rxe3 Qg5 24. Qd2 Qf4 25. g3 Qd4 26. Qc3 Rf3 27. Rae1
1/2-1/2

[Event "OBEM 2016"]
[Site "Germany , Bremen"]
[Date "2016.03.25"]
[Round "8.4"]
[White "Kastens, Elmar"]
[Black "Steingraeber, Kai Uwe"]
[Result "0-1"]
[WhiteElo "1905"]
[BlackElo "2147"]
[PlyCount "90"]

1. e4 c5 2. Nc3 a6 3. g3 b5 4. Bg2 Bb7 5. d3 e6 6. Nh3 Nf6 7. O-O Be7 8. f4 d6
9. f5 exf5 10. Rxf5 Nbd7 11. Rf1 Ne5 12. Nf4 O-O 13. Ncd5 Nxd5 14. Nxd5 Bxd5
15. exd5 Bg5 16. Bf4 Ng6 17. Qh5 Bxf4 18. gxf4 Qf6 19. Be4 h6 20. Qg4 Qxb2 21.
Kh1 Ne7 22. Qd7 Qf6 23. Rae1 Kh8 24. Rg1 Rfd8 25. Qb7 Nf5 26. Rg4 b4 27. Reg1
g6 28. Qc7 a5 29. Qb7 a4 30. Qc7 a3 31. Qb7 Re8 32. Qc6 Rad8 33. Qc7 Rg8 34.
Qb7 Rde8 35. Qd7 Rxe4 36. dxe4 Ne3 37. e5 dxe5 38. fxe5 Qf3+ 39. R1g2 Nxg4 40.
Qxg4 Qxd5 41. Qf4 Kh7 42. Kg1 Qd1+ 43. Kf2 Qxc2+ 44. Kg3 Qf5 45. Qe3 Rd8 0-1

[Event "OBEM 2016"]
[Site "Germany , Bremen"]
[Date "2016.03.25"]
[Round "8.5"]
[White "Buhrdorf, Axel"]
[Black "Pienski, Olaf"]
[Result "0-1"]
[WhiteElo "1974"]
[BlackElo "2167"]
[PlyCount "50"]

1. d4 Nf6 2. Nf3 c5 3. g3 cxd4 4. Nxd4 e5 5. Nb3 d5 6. Bg2 Nc6 7. O-O Be6 8.
N1d2 Be7 9. e3 O-O 10. Qe2 Qc7 11. c3 Rad8 12. Rd1 a5 13. Nf3 a4 14. Nbd2 Bg4
15. h3 Bh5 16. g4 Nxg4 17. hxg4 Bxg4 18. e4 f5 19. exd5 Na5 20. Re1 Rxd5 21.
Qf1 e4 22. Nd4 Bd6 23. Ne6 Qe7 24. Nxf8 Qh4 25. f4 Bc5+ 0-1

[Event "OBEM 2016"]
[Site "Germany , Bremen"]
[Date "2016.03.25"]
[Round "8.6"]
[White "Peters, Frank"]
[Black "Jung, Gerald"]
[Result "1-0"]
[WhiteElo "2133"]
[BlackElo "1929"]
[PlyCount "45"]

1. c4 Nc6 2. g3 e5 3. Bg2 Nge7 4. Nc3 d6 5. d3 Be6 6. Rb1 d5 7. cxd5 Nxd5 8. a3
Be7 9. Nf3 O-O 10. O-O h6 11. Qc2 Nxc3 12. bxc3 Rb8 13. a4 Qd7 14. Rd1 Rfd8 15.
Be3 Bf6 16. Nd2 Bg5 17. Bxg5 hxg5 18. Ne4 Qe7 19. Qc1 f6 20. Qe3 Rd5 21. Rb5
Rdd8 22. Nc5 Bd5 23. Nxb7 1-0

[Event "OBEM 2016"]
[Site "Germany , Bremen"]
[Date "2016.03.25"]
[Round "8.7"]
[White "Ditmas, Hugh"]
[Black "Balazs, Balint"]
[Result "0-1"]
[WhiteElo "1933"]
[BlackElo "2101"]
[PlyCount "60"]

1. d4 g6 2. c4 Bg7 3. e4 c5 4. d5 e6 5. Nc3 exd5 6. Nxd5 Nf6 7. Bf4 Nxd5 8.
Qxd5 O-O 9. O-O-O Qf6 10. Qd2 Qa6 11. Kb1 Re8 12. f3 Nc6 13. Bd3 Nb4 14. a3
Nxd3 15. Qxd3 d5 16. cxd5 c4 17. Qc2 Bd7 18. Rc1 c3 19. b3 Bb5 20. Ka2 Bd3 21.
Qf2 Rac8 22. Nh3 c2 23. e5 Rc3 24. Qd4 Rec8 25. Qa4 Qxa4 26. bxa4 Bc4+ 27. Kb2
Bxd5 28. Rhe1 Rb3+ 29. Ka1 Rxa3+ 30. Kb2 Ra2# 0-1

[Event "OBEM 2016"]
[Site "Germany , Bremen"]
[Date "2016.03.25"]
[Round "8.8"]
[White "Heldt, Nils-Lennart"]
[Black "Pautz, Peter"]
[Result "1-0"]
[WhiteElo "1928"]
[BlackElo "2066"]
[PlyCount "83"]

1. d4 d5 2. c4 e6 3. Nc3 Be7 4. Bf4 c6 5. e3 Nf6 6. h3 O-O 7. Nf3 Qa5 8. Nd2
Nbd7 9. a3 Re8 10. Bd3 Nf8 11. O-O Ng6 12. Bh2 Qd8 13. b4 Bd6 14. Bxd6 Qxd6 15.
f4 b6 16. Nb3 dxc4 17. Bxc4 Nd5 18. Ne4 Qe7 19. Qd2 Bb7 20. Bd3 Rad8 21. Qf2 f6
22. Qg3 Rf8 23. Rad1 a5 24. bxa5 Qxa3 25. Ned2 f5 26. axb6 Qe7 27. Nc5 e5 28.
fxe5 f4 29. exf4 Ngxf4 30. Nde4 Nxd3 31. Qxd3 Nf4 32. Qe3 Nd5 33. Qd3 h6 34.
Nd6 Rxd6 35. exd6 Qxd6 36. Rxf8+ Qxf8 37. Nxb7 Qb8 38. Nc5 Qxb6 39. Qb3 Qd8 40.
Rf1 Qe7 41. Qb8+ Kh7 42. Qe5 1-0

[Event "OBEM 2016"]
[Site "Germany , Bremen"]
[Date "2016.03.25"]
[Round "8.9"]
[White "Mueller, Wolfgang"]
[Black "Rieping, Heiner"]
[Result "0-1"]
[WhiteElo "2018"]
[BlackElo "1922"]
[PlyCount "68"]

1. e4 d5 2. exd5 Qxd5 3. Nc3 Qa5 4. d4 Nf6 5. Bc4 Nc6 6. d5 Ne5 7. Bb3 Bg4 8.
Qd4 Ned7 9. h3 Bh5 10. Bd2 Qb6 11. Qc4 Qc5 12. Qa4 c6 13. Be3 Qd6 14. g4 Bg6
15. O-O-O Nc5 16. Bxc5 Qxc5 17. dxc6 bxc6 18. f4 e6 19. f5 exf5 20. Re1+ Be7
21. Nf3 O-O 22. gxf5 Bh5 23. Nd4 Bd6 24. Rhg1 Rfe8 25. Nde2 Bxe2 26. Qh4 Bh5
27. Ref1 Qe5 28. Kb1 Bc5 29. Rg5 Rad8 30. Rxh5 Nxh5 31. Qxh5 Qe1+ 32. Nd1 Qxf1
33. Bxf7+ Kf8 34. a3 Qxd1+ 0-1

[Event "OBEM 2016"]
[Site "Germany , Bremen"]
[Date "2016.03.25"]
[Round "8.10"]
[White "Hochhuth, Arnd"]
[Black "Rosin, Julius"]
[Result "0-1"]
[WhiteElo "1882"]
[BlackElo "1996"]
[PlyCount "94"]

1. Nf3 d5 2. c4 e6 3. g3 Nf6 4. Bg2 dxc4 5. Qa4+ c6 6. Qxc4 b5 7. Qc2 Bb7 8.
O-O Nbd7 9. d4 c5 10. Rd1 Be7 11. dxc5 Bxc5 12. Nc3 Qb6 13. e3 O-O 14. Qe2 a6
15. a3 Rac8 16. Bd2 Ne4 17. Nxe4 Bxe4 18. Bc3 Qb7 19. Ne1 Bxg2 20. Nxg2 e5 21.
Nh4 g6 22. Qf3 Qa7 23. Rd5 f6 24. Ba5 Nb6 25. Bxb6 Qxb6 26. Rad1 Rcd8 27. Rxd8
Rxd8 28. Rxd8+ Qxd8 29. Qc6 Qd6 30. Qxd6 Bxd6 31. e4 a5 32. Kf1 Kf7 33. Ke2 Ke6
34. Ng2 Bc5 35. Ne3 Bd4 36. Nd1 a4 37. Kd3 Kd6 38. f3 h5 39. h3 Kc5 40. g4 b4
41. gxh5 gxh5 42. f4 Kb5 43. fxe5 fxe5 44. axb4 Kxb4 45. Kc2 Kc4 46. Nc3 Bxc3
47. bxc3 a3 0-1

[Event "OBEM 2016"]
[Site "Germany , Bremen"]
[Date "2016.03.25"]
[Round "8.11"]
[White "Meyer, Irmin"]
[Black "Kuenitz, Bernhard"]
[Result "1/2-1/2"]
[WhiteElo "1993"]
[BlackElo "1877"]
[PlyCount "55"]

1. e4 e6 2. d4 d5 3. Nd2 c5 4. exd5 exd5 5. Bb5+ Bd7 6. Qe2+ Qe7 7. Bxd7+ Nxd7
8. dxc5 Qxe2+ {(=)} 9. Kxe2 Bxc5 10. Nb3 Ngf6 11. Nxc5 Nxc5 12. Be3 b6 13. Nf3
O-O 14. Rhe1 Rac8 15. c3 Rfe8 16. Kf1 Ng4 17. Rad1 Nxe3+ 18. fxe3 Rcd8 19. Rd4
Ne4 20. Red1 Nf6 21. R4d3 Rc8 22. h3 h5 23. Ke2 Kf8 24. Nd4 a6 25. Kf3 Re5 26.
g3 Rce8 27. Ne2 g5 28. Nd4 1/2-1/2